(Record no. 182922)
[ view plain ]
| 000 -CABECERA | |
|---|---|
| campo de control de longitud fija | 01362nam a2200241Ia 4500 |
| 001 - NÚMERO DE CONTROL | |
| campo de control | IA_3635,06/08/2007,24/01/2012,5232272005 mx nm 8223123322spa16," |
| 008 - DATOS DE LONGITUD FIJA--INFORMACIÓN GENERAL | |
| campo de control de longitud fija | 220117s y t xx 000 0 und d |
| 010 ## - NÚMERO DE CONTROL DE LA BIBLIOTECA DEL CONGRESO | |
| Número de control de LC | 182922 |
| 090 ## - LOCALMENTE ASIGNADO TIPO-LC NÚMERO DE CLASIFICACIÓN (OCLC); NÚMERO DE CLASIFICACIÓN LOCAL (RLIN) | |
| Número de clasificación (OCLC) (R) ; Numero de clasificación, CALL (RLIN) (NR) | Tesis D84 2005 |
| 100 ## - ENTRADA PRINCIPAL--NOMBRE DE PERSONA | |
| Nombre de persona | Dueñas Baca |
| 9 (RLIN) | 155050 |
| 260 ## - PUBLICACIÓN, DISTRIBUCIÓN, ETC. | |
| Lugar de publicación, distribución, etc. | México : |
| Nombre del editor, distribuidor, etc. | El autor, |
| Fecha de publicación, distribución, etc. | y t |
| 300 ## - DESCRIPCIÓN FÍSICA | |
| Extensión | x |
| 502 ## - NOTA DE TESIS | |
| Nota de tesis | Tesis (Ing. Agr. Esp. en Ingeniería Agroindustrial) -- UACh. Departamento de Ingeniería Agroindustrial |
| 504 ## - NOTA DE BIBLIOGRAFÍA, ETC. | |
| Nota de bibliografía, etc. | Bibliografía: 52-57 |
| 520 ## - SUMARIO, ETC. | |
| Sumario, etc. | Para el 2004 en México había 105 millones de mexicanos |
| 901 ## - ELEMENTOS DE DATOS A LOCAL LDA (RLIN) | |
| a | derivado del maíz opaco-2 |
| 902 ## - ELEMENTOS DE DATOS B LOCAL, LDB (RLIN) | |
| a | pero con textura de endospermo semejante a la del maíz común |
| 903 ## - ELEMENTOS DE DATOS C LOCAL, LDC (RLIN) | |
| a | para elaborar tortillas y otros productos derivados del maíz. El objetivo de esta investigación fue determinar las características físicas y los contenidos de lisina y triptofano en 17 maíces ACP cosechados en dos ciclos agrícolas de 5 localidades diferentes en cada ciclo. Los análisis físicos realizados fueron: peso hectolítrico |
| 904 ## - ELEMENTOS DE DATOS D LOCAL, LDD (RLIN) | |
| a | y t |
| 942 ## - ELEMENTOS DE PUNTO DE ACCESO ADICIONAL (KOHA) | |
| Tipo de ítem Koha | |
No items available.
